| Tag |
First Indicator |
Second Indicator |
Subfields |
| LEADER |
00000cam a2200000 a 4500 |
| 001 |
in00000084022 |
| 005 |
20151008054400.0 |
| 008 |
810423s1977 sp 00010 spa d |
| 020 |
|
|
|a 8428506639
|
| 035 |
|
|
|a (OCoLC)07360963
|
| 035 |
|
|
|9 AAJ0491AM
|
| 040 |
|
|
|a ZBM
|c ZBM
|d TXA
|d UtOrBLW
|
| 049 |
|
|
|a TXAM
|c [1387304]
|
| 090 |
|
|
|a BX4700.T4
|b B375 1977
|
| 100 |
1 |
|
|a Bernardo, Pablo M.
|
| 245 |
1 |
0 |
|a Santa Teresa :
|b la oracion y la contemplacion /
|c Pablo M. Bernardo.
|
| 250 |
|
|
|a 2a ed.
|
| 264 |
|
1 |
|a Madrid :
|b Ediciones Paulinas,
|c 1977.
|
| 300 |
|
|
|a 358 pages ;
|c 20 cm.
|
| 336 |
|
|
|a text
|b txt
|2 rdacontent
|
| 337 |
|
|
|a unmediated
|b n
|2 rdamedia
|
| 338 |
|
|
|a volume
|b nc
|2 rdacarrier
|
| 490 |
0 |
|
|a Coleccion Fermentos ;
|v v. 1
|
| 600 |
0 |
0 |
|a Teresa,
|c of Avila, Saint,
|d 1515-1582.
|
| 999 |
|
|
|a MARS
|
| 999 |
f |
f |
|s 2543e993-6b2b-37eb-96b4-1740bb4aceec
|i e0280b35-fece-3f1b-a279-4251dbb526e6
|t 0
|
| 952 |
f |
f |
|p ric
|a Texas A&M University
|b Rellis Campus
|c Joint Library Facility
|d Remote Storage
|t 0
|e BX4700.T4 B375 1977
|h Library of Congress classification
|i unmediated -- volume
|m A14806092913
|
| 998 |
f |
f |
|a BX4700.T4 B375 1977
|t 0
|l Remote Storage
|